01223nam a2200325Ia 4500001000700000003000500007008004100012010001100053020001800064040000900082082002000091245023700111260003600348300001500384440002200399500009000421503001800511504002700529650002800556650002800584650002700612650002900639650003800668650002700706700002900733700004100762700003300803700003400836700002700870Z_6696CHAP220113s9999 xx 000 0 und d a169969 a84-87736-29-7 cCHAP aC 636.08961 M36 aManual de nefrología y urología en pequeños animales /ceditores John Bainbridge, Jonathan Elliot ; traducción Ma. Eugenia Lastras Membrive ; revisión de la versión española Luis Viñas Borrell y Josep Pastor Milán aEspaña :bEdiciones S,c  aix, 307 p. aColección BSAVA aTraduccion de la obra en inglés: Manual of canine and feline nephrology and urology aej.1: consumo aBibliografía: p. 300 aClínicas veterinarias aGatos xx Enfermedades aNefrologia veterinaria aPerros xx Enfermedades aPráctica en pequeños animales aUrología veterinaria a Elliott, Jonathan, ed.  a Lastras Membrive, Ma. Eugenia, tr.  a Pastor Milán, Josep, rev. a Viñas Borrell, Luis, rev,  aBainbridge, John, ed.